Lower Order Controller Design Frequency Weighted Model Order Reduction Techniques / (Record no. 526319)

000 -LEADER
fixed length control field 00557nam a22001697a 4500
003 - CONTROL NUMBER IDENTIFIER
control field NUST
038 ## - RECORD CONTENT LICENSOR
Staff Name Mr. Zahoor
082 ## - DEWEY DECIMAL CLASSIFICATION NUMBER
Classification number 621.3
100 ## - MAIN ENTRY--PERSONAL NAME
Personal name Azhar, Muhammad Raees Furquan
9 (RLIN) 17300
245 ## - TITLE STATEMENT
Title Lower Order Controller Design Frequency Weighted Model Order Reduction Techniques /
Statement of responsibility, etc. Muhammad Raees Furquan Azhar
260 ## - PUBLICATION, DISTRIBUTION, ETC.
Place of publication, distribution, etc. Islamabad :
Name of publisher, distributor, etc. CEME - NUST,
Date of publication, distribution, etc. 2018.
300 ## - PHYSICAL DESCRIPTION
Extent x, 59 p. : ill. ;
Dimensions 30cm.
Accompanying material + CD.
500 ## - GENERAL NOTE
General note Hardcover.
650 ## - SUBJECT ADDED ENTRY--TOPICAL TERM
Topical term or geographic name entry element Electrical Engineering - MS Thesis
9 (RLIN) 16073
700 ## - ADDED ENTRY--PERSONAL NAME
Personal name Dr. Muwahida Liaquat
9 (RLIN) 17301
942 ## - ADDED ENTRY ELEMENTS (KOHA)
Source of classification or shelving scheme
Koha item type Thesis
Holdings
Withdrawn status Lost status Source of classification or shelving scheme Damaged status Not for loan Permanent Location Current Location Shelving location Date acquired Total Checkouts Full call number Barcode Date last seen Price effective from Koha item type
          Central Library (CL) Central Library (CL) Thesis 07/10/2019   621.3 CL-T-196 07/11/2019 07/10/2019 Thesis
© 2023 Central Library, National University of Sciences and Technology. All Rights Reserved.